000 00987nam a2200301 i 4500
001 vtls000695310
003 PNM
005 20250324124943.0
008 121109s2013 my er 000 f may
015 _aM13-03351
020 _a9789675067419
_cRM22.00
_qpaperback
039 9 _a201304011141
_baidayas
_c201303271055
_dnooraini
_c201303151057
_dety
_c201303010921
_dmanoriah
040 _aBNM
_cPNM
_beng
_dPPAK
_erda
049 _aklpmal
082 0 4 _a899.2333
_222
090 0 0 _a899.2333
_bSYA
_dG
100 0 _aSya Ryanna,
_eauthor.
245 1 0 _aANDAINYA BUKAN UNTUKKU /
_csya ryanna ; Editor: Jabatan Editorial PKNSB
264 1 _aKuala Lumpur :
_bPenerbitan Kaki Novel,
_c[2013]
300 _aiii, 623 pages ;
_c19 cm
336 _atext
_2rdacontent
337 _aunmediated
_2rdamedia
338 _avolume
_2rdacarrier
650 1 4 _aMalaysian fiction (Malay)
650 2 0 _aMalay fiction
710 2 _aJabatan Editorial PKNSB,
_eeditor.
942 _2ddc
_cB
999 _c180008
_d180008